| 000 | 01141nam a22003015i 4500 | ||
|---|---|---|---|
| 999 |
_c29044 _d29015 |
||
| 003 | EG-ScBUE | ||
| 005 | 20201214111543.0 | ||
| 008 | 201214s2019 ua g 000 m ara d | ||
| 017 | _a2006 / 10230 | ||
| 020 | _a9789770916100 | ||
| 040 |
_aEG-ScBUE _bara _erda _cEG-ScBUE _dEG-ScBUE |
||
| 082 | 0 | 4 |
_a892.78609 _bم ح ف _222 |
| 100 | 1 |
_aمحفوظ، نجيب، _d1911-2006، _eمؤلف. |
|
| 245 | 1 | 2 |
_aالشيطان يعظ : _bمجموعة قصصية / _cنجيب محفوظ. |
| 250 | _aالطبعة الخامسة. | ||
| 264 | 1 |
_aالقاهرة : _bدار الشروق، _c2019. |
|
| 300 |
_a406 صفحة ؛ _c22 سم |
||
| 336 |
_aنص _btxt _2rdacontent |
||
| 337 |
_aبدون وسيط _bn _2rdamedia |
||
| 338 |
_aمجلد _bnc _2rdacarrier |
||
| 500 | _aالطبعة الأولى،1979. | ||
| 500 | _aطبعة دار الشروق الأولى، 2006. | ||
| 650 | 7 |
_aالأدب العربي _vمجموعات _yقرن 20. _2BUEsh |
|
| 650 | 7 |
_aالمسرحيات العربية _yقرن 20. _2BUEsh |
|
| 650 | 7 |
_aالقصص العربية القصيرة _yقرن 20. _2BUEsh |
|
| 653 |
_bARALIT _bGGEN _cDecember2020 |
||
| 942 | _2ddc | ||